000 00625nam a2200253 a 4500
001 30408
003 AR-BaAGN
005 20231116145506.0
007 ta
008 220625s1995 mx |||||r|||| ||||||spa d
020 _a950-557-253-0
040 _dAR-BaAGN
_aAR-BaAGN
_bspa
_eaacr
100 1 _aBarrow, Reginald Haynes
245 1 0 _aLos romanos
250 _a1ª ed.
260 _aMéxico :
_bFondo de Cultura Económica,
_c1995.
300 _a262 páginas
336 _2rdacontent
_btxt
337 _2rdamedia
_bn
338 _2rdacarrier
_bnc
942 _cLIBRO
999 _c30408
_d30408